Fast Typing Random Objects - Statistics

General Stats
  • This quiz has been taken 73 times
  • The average score is 10 of 10
Answer Stats
Hint Answer % Correct
Hotel Hotel
100%
Soap Soap
98%
Table Table
98%
Arcade Arcade
96%
Basketball Basketball
96%
Bed Bed
94%
Clothes Clothes
94%
Playground Playground
93%
Book Book
91%
Bread Bread
89%
No matching quizzes found
Score Distribution
Percent of People with Each Score
Percentile by Number Answered
Your Score History
You have not taken this quiz